000 00564nam a22001457a 4500
999 _c60955
_d60955
005 20231129124533.0
008 231129s1985 ru ||||| |||| 00| 0 rus d
041 _arus
080 _a008(092)+1(091) A-72
245 _aАнтичная культура и современная наука /
_cА. Ф. Лосев.
264 _aМосква :
_bНаука,
_c1985.
300 _a344 с.:
_b22 см.
653 _aუძველესი კულტურა და თანამედროვე მეცნიერება
942 _2udc
_cᲬᲘᲒᲜᲘ